Govt. of
Madhya Pradesh

Simple Glass Painting (Record no. 40232)

MARC details
000 -LEADER
fixed length control field 004470000a22001810004500
003 - CONTROL NUMBER IDENTIFIER
control field MACL
005 - DATE AND TIME OF LATEST TRANSACTION
control field 20151220155813.0
008 - FIXED-LENGTH DATA ELEMENTS--GENERAL INFORMATION
fixed length control field 151220b xxu||||| |||| 00| 0 eng d
040 ## - CATALOGING SOURCE
Original cataloging agency MACL
Transcribing agency MACL
041 ## - LANGUAGE CODE
Language code of text/sound track or separate title English
082 ## - DEWEY DECIMAL CLASSIFICATION NUMBER
Classification number 748.502/OWE
100 ## - MAIN ENTRY--PERSONAL NAME
Personal name Owen, Cheryl
9 (RLIN) 21679
245 ## - TITLE STATEMENT
Title Simple Glass Painting
260 ## - PUBLICATION, DISTRIBUTION, ETC. (IMPRINT)
Name of publisher, distributor, etc. David & Charles Books
Date of publication, distribution, etc. 1999
Place of publication, distribution, etc. Italy
350 ## - PRICE (NR) (BK AM CF MU VM SE) [OBSOLETE]
Price 1351
650 ## - SUBJECT ADDED ENTRY--TOPICAL TERM
Topical term or geographic name as entry element Glasses
9 (RLIN) 21611
942 ## - ADDED ENTRY ELEMENTS (KOHA)
Koha item type Books
Call number prefix 748.502/OWE
Source of classification or shelving scheme
Holdings
Withdrawn status Lost status Source of classification or shelving scheme Damaged status Not for loan Home library Current library Date acquired Cost, normal purchase price Total Checkouts Full call number Barcode Date last seen Uniform Resource Identifier Price effective from Koha item type
          MACL MACL 15/04/2015 1351.00   748.502/OWE RBKS RB0003059 29/04/2015 40478 15/04/2015 Books